Normal view
MARC view
- Kashmiri, Muhammad Shorash
Entry Personal Name
001 - CONTROL NUMBER
- control field: 19455
003 - CONTROL NUMBER IDENTIFIER
- control field: NUST
005 - DATE AND TIME OF LATEST TRANSACTION
- control field: 20190822113817.0
008 - FIXED-LENGTH DATA ELEMENTS
- fixed length control field: 190822|| aca||aabn | a|a d
040 ## - CATALOGING SOURCE
- Original cataloging agency: NUST
- Transcribing agency: NUST
100 ## - HEADING--PERSONAL NAME
- Personal name: Kashmiri, Muhammad Shorash
670 ## - SOURCE DATA FOUND
- Source citation: Work cat.: (NUST): Kashmiri, Muhammad Shorash, Maut se Wapsi, 2003
